Top 10 des communes de France par lettre - L - Statistiques

Statistiques générales
  • Ce quiz a été pris 138 fois
  • Le résultat moyen est 6 sur 10
Statistiques - réponses
Région Population Commune % Correct
Auvergne-Rhône-Alpes 520.774 Lyon
99%
Hauts-de-France 238.695 Lille
97%
Normandie 166.462 Le Havre
86%
Pays de la Loire 145.182 Le Mans
69%
Nouvelle-Aquitaine 129.754 Limoges
68%
Nouvelle-Aquitaine 79.961 La Rochelle
64%
La Réunion 81.964 Le Tampon
47%
Île-de-France 68.412 Levallois-Perret
34%
Provence-Alpes-Côte-d'Azur 62.905 La Seyne-sur-Mer
28%
Île-de-France 59.912 Le Blanc-Mesnil
13%
Aucun quiz correspondant
Distribution des résultats
% des personnes avec chaque résultat
Percentile par nombre de réponses
Votre historique - résultats
Vous n’avez pas pris ce quiz